Dukhtar e Mashriq (Record no. 322954)
[ view plain ]
| 000 -LEADER | |
|---|---|
| fixed length control field | 00352 a2200121 4500 |
| 001 - CONTROL NUMBER | |
| control field | 87881 |
| 003 - CONTROL NUMBER IDENTIFIER | |
| control field | NUST |
| 082 ## - DEWEY DECIMAL CLASSIFICATION NUMBER | |
| Classification number | 923.25491 BEN |
| 100 ## - MAIN ENTRY--PERSONAL NAME | |
| Personal name | Benazir Bhutto; Abdul Ali, Sqn Ldr (R) translator |
| 9 (RLIN) | 9730 |
| 245 ## - TITLE STATEMENT | |
| Title | Dukhtar e Mashriq |
| Remainder of title | Daughter of the East |
| Medium | Urdu |
| 260 ## - PUBLICATION, DISTRIBUTION, ETC. | |
| Place of publication, distribution, etc. | Lahore |
| Name of publisher, distributor, etc. | Bhutto Legacy Foundation |
| Date of publication, distribution, etc. | 2011 |
| 300 ## - PHYSICAL DESCRIPTION | |
| Extent | 472 |
| 942 ## - ADDED ENTRY ELEMENTS (KOHA) | |
| Institution code [OBSOLETE] | CAE NUST |
| Koha item type | Book |
| Call number prefix | 923.25491 BEN |
| Source of classification or shelving scheme | |
| Withdrawn status | Lost status | Damaged status | Not for loan | Collection code | Permanent Location | Current Location | Date acquired | Total Checkouts | Full call number | Barcode | Date last seen | Price effective from | Koha item type |
|---|---|---|---|---|---|---|---|---|---|---|---|---|---|
| College of Aeronautical Engineering (CAE) | College of Aeronautical Engineering (CAE) | 04/03/2017 | 923.25491 BEN | CAE85960 | 04/05/2017 | 04/05/2017 | Book |
